000 00562nam a2200205 i 4500
001 114322
003 ES-MaACL
005 20230906190129.0
007 t|
008 061121s1984 it r ||||1| ita d
100 1 _aPallottino, Massimo.
_988602
245 1 0 _aStoria della prima Italia /
_cMassimo Pallottino.
250 _a1ª ed.
260 _aMilano :
_bRusconi,
_c1984.
300 _a253 p. ;
_c22 cm.
500 _aIndices.
504 _aBibliografía.
651 4 _aItalia-
_xHistoria-
_yHasta 476.
_9158551
852 _aES-MaACL
_jL-11818
_bR.113420
999 _c114322
_d114322